| 000 | 00865nam a2200229Ii 4500 | ||
|---|---|---|---|
| 003 | JO-AjNU | ||
| 008 | 230605s9999||||xx |||||||||||||| ||und|| | ||
| 017 | _a2014/4/1657 | ||
| 020 | _a978-9957-92-086-9 | ||
| 040 |
_aJO-AjNU _bara _erda _cJO-AjNU |
||
| 041 | _aara | ||
| 050 | 1 | 4 | _aDS222.7.2015 |
| 100 | 3 |
_aتأليف: حميدي،فتحي سالم, _eauthor _960168 |
|
| 245 | 0 | 0 | _aالجزيرة العربية في العصور الاسلامية |
| 250 | _aالطبعة الاولى | ||
| 264 | 3 | 1 | _aعمان: دار الفكر ناشرون وموزعون، 2015 |
| 300 |
_a348ص _b ويحتوي على قائمة مراجع من ص330ص- 348ص |
||
| 336 |
_atext _btxt _2rdacontent |
||
| 337 |
_aunmediated _bn _2rdamedia |
||
| 338 |
_avolume _bnc _2rdacarrier |
||
| 650 | 4 |
_aشبة الجزيرة العربية -التاريخ الاسلامي _960169 |
|
| 999 |
_aA27117 _c30685 _d30685 |
||